000 00483 a2200169 4500
005 20260311125623.0
008 260311b |||||||| |||| 00| 0 eng d
020 _a9789360802479
040 _cSDCL
041 _2eng
_aeng
084 _aV41'M R5
100 _aSharma, Kashi Ram
_91131300
245 _aConfucius :
_bThe Sage Reformer and Visionary of China
260 _aNew Delhi :
_bManohar Publishers and Distributors,
_c2025.
300 _axxii, 476p.
942 _cTEXL
_2CC
999 _c1564104
_d1564104